000 00883nam a2200265 i 4500
001 106089
003 ES-MaACL
005 20250415213551.0
007 t|
008 060925s1973 fr ||||1| fre d
080 _a1 Lukács, György
080 _a1 Heidegger, Martin
100 1 _aGoldmann, Lucien.
_957672
245 1 0 _aLukacs et Heidegger /
_cLucien Goldmann ; fragments posthumes établis et présentés par Youssef Ishaghpour.
260 _aParis :
_bDenoël/Gonthier,
_c[1973]
300 _a181 p. ;
_c18 cm.
490 1 _aBibliothèque médiations ;
_v112
500 _aBiblioteca Juan Andrade.
600 1 4 _aLukács, György,
_d1885-1971
_974718
600 1 4 _aHeidegger, Martin.
_962337
700 1 _aIshaghpour, Youssef.
_965564
830 0 _aBibliothèque médiations ;
_v112
_9185151
852 _aES-MaACL
_jAND-798
_bR.110093
999 _c106089
_d106089